[Event "7. Copenhagen Open Politiken Cup"]
[Site "Copenhagen"]
[Date "1985.??.??"]
[Round "7"]
[White "Setterqvist, Kurt"]
[Black "Steczkowski, Kazimierz"]
[Result "0-1"]
[WhiteElo "2280"]
[BlackElo "2390"]
[PlyCount "98"]
[EventDate "1985.??.??"]
[EventType "swiss"]
[EventRounds "10"]
[EventCountry "DEN"]
[SourceDate "2004.01.01"]

1. Nf3 Nf6 2. c4 g6 3. Nc3 Bg7 4. d4 O-O 5. e4 d6 6. Be2 Nbd7 7. O-O e5 8. Re1
c6 9. Bf1 Ng4 10. h3 exd4 11. Nxd4 Qb6 12. hxg4 Qxd4 13. Be3 Qe5 14. Qd2 Qe7
15. Rad1 Ne5 16. g5 Be6 17. b3 Rad8 18. f3 f6 19. gxf6 Bxf6 20. Bh6 Rf7 21. Be2
Bh4 22. Rf1 g5 23. g3 Qf6 24. gxh4 Qxh6 25. hxg5 Qh4 26. f4 Qg3+ 27. Kh1 Qh3+
28. Kg1 Qg3+ 29. Kh1 Rdf8 30. f5 Qh3+ 31. Kg1 Qg3+ 32. Kh1 Qh3+ 33. Kg1 Qg3+
34. Kh1 Rg7 35. Bh5 Bf7 36. g6 hxg6 37. fxg6 Nxg6 38. Rf3 Qh4+ 39. Qh2 Qxh2+
40. Kxh2 Rh7 41. Rh3 Be6 42. Rxd6 Nf4 43. Rxe6 Nxe6 44. Bg4 Rxh3+ 45. Kxh3 Nf4+
46. Kh4 Kf7 47. Kg5 Ke7 48. e5 Nd3 49. e6 Nc5 0-1

[Event "7. Copenhagen Open Politiken Cup"]
[Site "Copenhagen"]
[Date "1985.??.??"]
[Round "7"]
[White "Stelting, Thorsten"]
[Black "Nilsson, Nils Specht"]
[Result "1/2-1/2"]
[WhiteElo "2245"]
[BlackElo "2200"]
[PlyCount "93"]
[EventDate "1985.??.??"]
[EventType "swiss"]
[EventRounds "10"]
[EventCountry "DEN"]
[SourceDate "2004.01.01"]

1. e4 Nf6 2. e5 Nd5 3. d4 d6 4. Nf3 Bg4 5. Be2 e6 6. O-O Be7 7. c4 Nb6 8. exd6
cxd6 9. b3 O-O 10. Bb2 Nc6 11. Nbd2 a5 12. a3 Bf5 13. Re1 d5 14. c5 Nc8 15. Rc1
b6 16. Nf1 bxc5 17. dxc5 Bf6 18. Qd2 Rb8 19. Bd1 N8a7 20. Nd4 Nxd4 21. Bxd4 Nc6
22. Bxf6 Qxf6 23. Ne3 Bg6 24. Ng4 Qd4 25. Qxd4 Nxd4 26. Ne5 Rfc8 27. Nxg6 hxg6
28. Re3 g5 29. Rd3 Nc6 30. Be2 Ne5 31. Rg3 f6 32. a4 Rc7 33. Bb5 d4 34. b4 axb4
35. Rb3 Kf7 36. Kf1 d3 37. Bxd3 Nxd3 38. Rxd3 Ra8 39. Rb3 Rxa4 40. Rcb1 Rxc5
41. Rxb4 Rxb4 42. Rxb4 Rc2 43. h4 Kg6 44. hxg5 Kxg5 45. g3 g6 46. Kg2 e5 47.
Rb5 1/2-1/2

[Event "7. Copenhagen Open Politiken Cup"]
[Site "Copenhagen"]
[Date "1985.??.??"]
[Round "7"]
[White "Sorensen, Henrik"]
[Black "Srensen, Torben"]
[Result "1/2-1/2"]
[WhiteElo "2235"]
[BlackElo "2315"]
[PlyCount "156"]
[EventDate "1985.??.??"]
[EventType "swiss"]
[EventRounds "10"]
[EventCountry "DEN"]
[SourceDate "2004.01.01"]

1. d4 Nf6 2. Nf3 c5 3. d5 d6 4. Nc3 g6 5. e4 Bg7 6. Be2 Na6 7. O-O Nc7 8. a4 a6
9. a5 Bd7 10. Bd2 O-O 11. Bd3 Rb8 12. Qe2 b5 13. axb6 Rxb6 14. Rfb1 Bb5 15.
Nxb5 axb5 16. Ba5 Rb8 17. Bxb5 Nxe4 18. Qxe4 Rxb5 19. c4 Rxb2 20. Rxb2 Bxb2 21.
Re1 Bf6 22. g4 Re8 23. Re3 Qd7 24. Qf4 Na6 25. Bc3 Bxc3 26. Rxc3 e5 27. dxe6
Rxe6 28. Ng5 Re5 29. Ne4 Qe6 30. Nf6+ Kg7 31. Rh3 h5 32. Rf3 hxg4 33. Nxg4 Rf5
34. Qh6+ Kg8 35. Re3 Re5 36. Nxe5 dxe5 37. Qg5 Qxc4 38. Rxe5 Qd4 39. Rd5 Qe4
40. Rd6 Nc7 41. Qxc5 Qg4+ 42. Kf1 Ne6 43. Qe5 Qc4+ 44. Qe2 Qf4 45. Rxe6 fxe6
46. Qxe6+ Kg7 47. Qe7+ Kg8 48. h4 Qf3 49. Qe8+ Kh7 50. Qe7+ Kg8 51. Qg5 Kh7 52.
Kg1 Kg7 53. Qg3 Qf5 54. Kg2 Qe4+ 55. Kh2 Qf5 56. f3 Kh7 57. Qg4 Qe5+ 58. Kh3
Qe1 59. Qe4 Qg1 60. Qe7+ Kh6 61. Qf8+ Kh7 62. Qf6 Kg8 63. Qf4 Kh7 64. Qg3 Qe3
65. Qc7+ Kh6 66. Qf7 Qg1 67. Qf4+ Kh7 68. Qh2 Qe3 69. Qg2 Kh6 70. Qg4 Kh7 71.
h5 gxh5 72. Qxh5+ Kg7 73. Qg4+ Kf6 74. Qh4+ Kg6 75. Qg3+ Kf5 76. Qg4+ Kf6 77.
Qh5 Qe6+ 78. Qg4 Qe3 1/2-1/2

[Event "7. Copenhagen Open Politiken Cup"]
[Site "Copenhagen"]
[Date "1985.??.??"]
[Round "7"]
[White "Welin, Thomas"]
[Black "Blees, Albert"]
[Result "1-0"]
[WhiteElo "2395"]
[BlackElo "2310"]
[PlyCount "65"]
[EventDate "1985.??.??"]
[EventType "swiss"]
[EventRounds "10"]
[EventCountry "DEN"]
[SourceDate "2004.01.01"]

1. Nf3 Nf6 2. c4 e6 3. Nc3 d5 4. d4 Be7 5. Bg5 h6 6. Bxf6 Bxf6 7. e3 O-O 8. Qb3
c6 9. Rd1 Nd7 10. Bd3 a6 11. O-O dxc4 12. Qxc4 g6 13. e4 e5 14. Bc2 exd4 15.
Nxd4 Qe7 16. f4 Nb6 17. Qe2 c5 18. Nf3 Bg7 19. e5 Be6 20. Rd6 Nc8 21. Nd5 Bxd5
22. Rxd5 Na7 23. f5 gxf5 24. Qd3 Qe6 25. Rd6 c4 26. Qe3 Qe7 27. Bxf5 Nc6 28.
Rxh6 Bxh6 29. Qxh6 f6 30. Ng5 fxg5 31. Be6+ Qxe6 32. Qxe6+ Kg7 33. Rf6 1-0

[Event "7. Copenhagen Open Politiken Cup"]
[Site "Copenhagen"]
[Date "1985.??.??"]
[Round "8"]
[White "Andersson, Tor"]
[Black "Gibbons, Bart F"]
[Result "1/2-1/2"]
[WhiteElo "2245"]
[BlackElo "2260"]
[PlyCount "76"]
[EventDate "1985.??.??"]
[EventType "swiss"]
[EventRounds "10"]
[EventCountry "DEN"]
[SourceDate "2004.01.01"]

1. d4 d5 2. c4 Nc6 3. Nf3 Bg4 4. e3 e6 5. Be2 Nf6 6. O-O Be7 7. Nbd2 O-O 8. a3
Re8 9. b4 dxc4 10. Nxc4 Nd5 11. Bb2 Bf6 12. Rc1 Nb6 13. Qc2 a6 14. Rfd1 Qe7 15.
Nfe5 Bxe5 16. Bxg4 Nxc4 17. Qxc4 Bd6 18. Bf3 Nd8 19. e4 Bf4 20. Rc2 c6 21. g3
Bh6 22. d5 cxd5 23. exd5 exd5 24. Qxd5 Nc6 25. Qc5 Qxc5 26. Rxc5 g6 27. Rd7 Bf8
28. Rc1 Ne5 29. Bxe5 Rxe5 30. Rxb7 a5 31. Rcc7 axb4 32. axb4 Rf5 33. Kg2 Ra2
34. g4 Rf4 35. Rxf7 Rxf7 36. Rxf7 Kxf7 37. Bd5+ Kf6 38. Bxa2 Bxb4 1/2-1/2

[Event "7. Copenhagen Open Politiken Cup"]
[Site "Copenhagen"]
[Date "1985.??.??"]
[Round "8"]
[White "Bator, Robert"]
[Black "Gruenberg, Rainer"]
[Result "0-1"]
[WhiteElo "2380"]
[BlackElo "2265"]
[PlyCount "76"]
[EventDate "1985.??.??"]
[EventType "swiss"]
[EventRounds "10"]
[EventCountry "DEN"]
[SourceDate "2004.01.01"]

1. e4 c5 2. f4 d5 3. exd5 Nf6 4. Bb5+ Bd7 5. Bxd7+ Qxd7 6. c4 e6 7. Qe2 Bd6 8.
f5 O-O 9. fxe6 fxe6 10. dxe6 Qe8 11. Nc3 Nc6 12. Nf3 Qh5 13. d3 Rae8 14. Bg5
Ng4 15. Ne4 Rxe6 16. O-O-O Nd4 17. Nxd4 cxd4 18. Qd2 h6 19. h3 Nf2 20. g4 Qf7
21. Qxf2 Qxf2 22. Nxf2 Rxf2 23. Rd2 Rf3 24. Bh4 Bf4 25. Be1 Rfe3 26. Kd1 Rf3
27. Rf2 Rxe1+ 28. Kxe1 Bg3 29. Rhf1 Rxd3 30. Ke2 Re3+ 31. Kd2 Bxf2 32. Rxf2
Rxh3 33. a3 Rg3 34. Rf4 Rg2+ 35. Kd3 Rxb2 36. Kxd4 Rb3 37. Re4 Rxa3 38. Re7 Rb3
0-1

[Event "7. Copenhagen Open Politiken Cup"]
[Site "Copenhagen"]
[Date "1985.??.??"]
[Round "8"]
[White "Berg, Klaus"]
[Black "Nielsen, Jorgen G"]
[Result "1-0"]
[WhiteElo "2340"]
[BlackElo "2240"]
[PlyCount "110"]
[EventDate "1985.??.??"]
[EventType "swiss"]
[EventRounds "10"]
[EventCountry "DEN"]
[SourceDate "2004.01.01"]

1. Nf3 f5 2. b3 d6 3. d4 Nf6 4. g3 g6 5. Bg2 Bg7 6. Bb2 O-O 7. O-O e5 8. dxe5
Ng4 9. Na3 Nxe5 10. Nxe5 dxe5 11. Qxd8 Rxd8 12. Rad1 Re8 13. Nb5 Na6 14. Bd5+
Kh8 15. Bf7 Rf8 16. Ba3 c5 17. Nd6 Rb8 18. Bc4 h6 19. Bxa6 bxa6 20. Bxc5 Be6
21. Bxa7 Rbd8 22. c4 Rd7 23. Bb6 Rb8 24. Ba5 e4 25. Rd2 Re7 26. Rc1 Bd7 27. c5
Bc6 28. Bc3 e3 29. fxe3 Rxe3 30. Bxg7+ Kxg7 31. Kf2 Re7 32. Rc3 Kf6 33. Rd4 g5
34. e3 h5 35. Nc4 Rg8 36. Rd6+ Re6 37. Rcd3 Bb5 38. Rxe6+ Kxe6 39. Rd6+ Ke7 40.
Ne5 Rc8 41. b4 a5 42. a3 axb4 43. axb4 Ra8 44. Rd2 g4 45. Ng6+ Ke8 46. Nh4 Ra1
47. Rd5 Rf1+ 48. Kg2 Rb1 49. Re5+ Kd7 50. Nxf5 Bc6+ 51. Kf2 Rxb4 52. Ng7 Rb2+
53. Kf1 Bf3 54. Rxh5 Kc6 55. Ne6 Rb1+ 1-0

[Event "7. Copenhagen Open Politiken Cup"]
[Site "Copenhagen"]
[Date "1985.??.??"]
[Round "8"]
[White "Bjarnason, Saevar"]
[Black "Jacobsen, Bo"]
[Result "0-1"]
[WhiteElo "2355"]
[BlackElo "2280"]
[PlyCount "62"]
[EventDate "1985.??.??"]
[EventType "swiss"]
[EventRounds "10"]
[EventCountry "DEN"]
[SourceDate "2004.01.01"]

1. e4 e5 2. f4 exf4 3. Nc3 Qh4+ 4. Ke2 d5 5. Nxd5 Bd6 6. Nf3 Bg4 7. d4 Nc6 8.
e5 Bxf3+ 9. gxf3 O-O-O 10. exd6 Rxd6 11. c3 Rxd5 12. Qe1 Qe7+ 13. Kf2 Qh4+ 14.
Ke2 Qf6 15. Bh3+ Kb8 16. Kf1 Nge7 17. Qe4 g5 18. Bd2 Rhd8 19. Re1 Ng6 20. Rg1
Nh4 21. Re2 Nxd4 22. cxd4 Rxd4 23. Qc2 Nxf3 24. Bc3 Rd1+ 25. Re1 Nxe1 26. Bxe1
h5 27. Bf5 Qe5 28. Qe4 Qxe4 29. Bxe4 Re8 30. Rxg5 a6 31. Rd5 Ra1 0-1

[Event "7. Copenhagen Open Politiken Cup"]
[Site "Copenhagen"]
[Date "1985.??.??"]
[Round "8"]
[White "Blees, Albert"]
[Black "Karolyi, Tibor Jr"]
[Result "1-0"]
[WhiteElo "2310"]
[BlackElo "2445"]
[PlyCount "111"]
[EventDate "1985.??.??"]
[EventType "swiss"]
[EventRounds "10"]
[EventCountry "DEN"]
[SourceDate "2004.01.01"]

1. Nf3 d5 2. d4 c5 3. c3 Qb6 4. e4 dxe4 5. dxc5 Qxc5 6. Qa4+ Nc6 7. Be3 Qa5 8.
Qxa5 Nxa5 9. Bb5+ Nc6 10. Ne5 f6 11. Nxc6 a6 12. Nd4+ axb5 13. Nxb5 Kf7 14. Nc7
Ra5 15. Nd2 Nh6 16. b4 Rh5 17. Nxe4 Ng4 18. Bd4 e5 19. Bb6 f5 20. f3 Nxh2 21.
Ng3 Rh6 22. Bg1 f4 23. Rxh2 Rc6 24. Ne4 Rxc7 25. Rh5 Ke6 26. Ba7 g6 27. Rxe5+
Kxe5 28. Bd4+ Kf5 29. Bxh8 Be6 30. Bd4 Bd5 31. Nf2 Bc4 32. Kd2 Rd7 33. Nd3 Rd5
34. a4 g5 35. Nb2 Bb3 36. Kd3 Rd7 37. Re1 h5 38. Nc4 g4 39. a5 gxf3 40. gxf3 h4
41. b5 Bg7 42. Rb1 Ba2 43. Rb2 Bxd4 44. cxd4 Bxc4+ 45. Kxc4 h3 46. b6 Rh7 47.
a6 h2 48. Rxh2 Rxh2 49. axb7 Rh8 50. Kc5 Rg8 51. d5 Ke5 52. Kc6 Rh8 53. d6 Ke6
54. Kc7 Rh7+ 55. d7 Rxd7+ 56. Kc8 1-0

[Event "7. Copenhagen Open Politiken Cup"]
[Site "Copenhagen"]
[Date "1985.??.??"]
[Round "8"]
[White "Bosboom, Manuel"]
[Black "Andreasen, Per Naesby"]
[Result "1-0"]
[WhiteElo "2380"]
[BlackElo "2260"]
[PlyCount "37"]
[EventDate "1985.??.??"]
[EventType "swiss"]
[EventRounds "10"]
[EventCountry "DEN"]
[SourceDate "2004.01.01"]

1. e4 c6 2. d4 d5 3. exd5 cxd5 4. c4 Nf6 5. Nc3 g6 6. Nf3 Bg7 7. Be2 dxc4 8.
O-O O-O 9. Bxc4 Nbd7 10. Bb3 Nb6 11. Re1 Bg4 12. h3 Bxf3 13. Qxf3 Qd7 14. Bg5
Rac8 15. Rad1 a5 16. a4 Rc7 17. Nb5 Rcc8 18. d5 h6 19. d6 1-0

[Event "7. Copenhagen Open Politiken Cup"]
[Site "Copenhagen"]
[Date "1985.??.??"]
[Round "8"]
[White "Braga, Fernando"]
[Black "Norgaard, Jesper"]
[Result "1-0"]
[WhiteElo "2390"]
[BlackElo "2325"]
[PlyCount "79"]
[EventDate "1985.??.??"]
[EventType "swiss"]
[EventRounds "10"]
[EventCountry "DEN"]
[SourceDate "2004.01.01"]

1. e4 e5 2. Nf3 Nc6 3. Bb5 a6 4. Ba4 Nf6 5. d4 exd4 6. O-O Be7 7. Re1 O-O 8. e5
Ne8 9. c3 b5 10. Bb3 d5 11. cxd4 Na5 12. Bc2 c6 13. Qd2 Nc4 14. Qe2 Nc7 15. b3
Nb6 16. Nbd2 Ne6 17. Nf1 a5 18. Ng3 g6 19. Nh5 a4 20. Bd2 Bd7 21. Qe3 Kh8 22.
Nf4 Ra7 23. Nxe6 Bxe6 24. Qh6 Rg8 25. Ng5 Rg7 26. h4 Qc8 27. Bf4 Nd7 28. Bd3
axb3 29. axb3 Qa8 30. Rab1 Nf8 31. h5 Bb4 32. Rec1 Ra2 33. Nf3 Nd7 34. Nh4 Kg8
35. Bg5 Qa7 36. Bf6 Bf8 37. Nf3 Bg4 38. Rxc6 Nb8 39. Rd6 Nd7 40. Rc6 1-0

[Event "7. Copenhagen Open Politiken Cup"]
[Site "Copenhagen"]
[Date "1985.??.??"]
[Round "8"]
[White "Clausen, Steen"]
[Black "Fridjonsson, Julius"]
[Result "0-1"]
[WhiteElo "2285"]
[BlackElo "2265"]
[PlyCount "34"]
[EventDate "1985.??.??"]
[EventType "swiss"]
[EventRounds "10"]
[EventCountry "DEN"]
[SourceDate "2004.01.01"]

1. d4 d5 2. Nf3 Nf6 3. c4 dxc4 4. Nc3 a6 5. e4 b5 6. e5 Nd5 7. Ng5 f6 8. exf6
exf6 9. Qe2+ Be7 10. Qe4 c6 11. Ne6 Bxe6 12. Qxe6 Nb4 13. Be3 Nc2+ 14. Kd2 Nxa1
15. Be2 Qd7 16. Qe4 O-O 17. Rxa1 f5 0-1

[Event "7. Copenhagen Open Politiken Cup"]
[Site "Copenhagen"]
[Date "1985.??.??"]
[Round "8"]
[White "Fedder, Steen"]
[Black "Reinert, Mads"]
[Result "1/2-1/2"]
[WhiteElo "2410"]
[BlackElo "2260"]
[PlyCount "44"]
[EventDate "1985.??.??"]
[EventType "swiss"]
[EventRounds "10"]
[EventCountry "DEN"]
[SourceDate "2004.01.01"]

1. d4 Nf6 2. c4 c5 3. d5 e6 4. Nc3 exd5 5. cxd5 d6 6. e4 g6 7. Nf3 Bg7 8. Bg5
h6 9. Bh4 a6 10. Nd2 b5 11. Be2 O-O 12. Qc2 Nbd7 13. a4 b4 14. Nd1 Re8 15. O-O
b3 16. Qxb3 g5 17. Bg3 Nxe4 18. Nxe4 Rxe4 19. Qc2 Rb4 20. Bxd6 Bb7 21. Ne3 Rxb2
22. Qd1 Nb6 1/2-1/2

[Event "7. Copenhagen Open Politiken Cup"]
[Site "Copenhagen"]
[Date "1985.??.??"]
[Round "8"]
[White "Fette, Martin"]
[Black "Steczkowski, Kazimierz"]
[Result "0-1"]
[WhiteElo "2290"]
[BlackElo "2390"]
[PlyCount "56"]
[EventDate "1985.??.??"]
[EventType "swiss"]
[EventRounds "10"]
[EventCountry "DEN"]
[SourceDate "2004.01.01"]

1. e4 e5 2. Nf3 Nc6 3. Bc4 Nf6 4. d4 exd4 5. O-O Nxe4 6. Re1 d5 7. Bxd5 Qxd5 8.
Nc3 Qa5 9. Nxe4 Be6 10. Bd2 Qd5 11. Bg5 Bb4 12. c3 Ba5 13. b4 Bb6 14. a4 a6 15.
b5 axb5 16. axb5 Na5 17. c4 Qxc4 18. Ne5 Qxb5 19. Qh5 Qxe5 20. Nf6+ gxf6 21.
Rxe5 fxe5 22. Bf6 Rg8 23. Qxh7 Kd7 24. h4 Rg6 25. Bxe5 Rag8 26. g3 Nc6 27. Bf4
Ne7 28. h5 Rf6 0-1

[Event "7. Copenhagen Open Politiken Cup"]
[Site "Copenhagen"]
[Date "1985.??.??"]
[Round "8"]
[White "Hansen, Curt"]
[Black "Pliester, Leon"]
[Result "1-0"]
[WhiteElo "2505"]
[BlackElo "2370"]
[PlyCount "79"]
[EventDate "1985.??.??"]
[EventType "swiss"]
[EventRounds "10"]
[EventCountry "DEN"]
[SourceDate "2004.01.01"]

1. d4 d5 2. c4 dxc4 3. Nf3 Nf6 4. e3 e6 5. Bxc4 c5 6. O-O a6 7. Qe2 b5 8. Bb3
Bb7 9. Rd1 Nbd7 10. Nc3 Bd6 11. e4 cxd4 12. Nxd4 Qb8 13. h3 b4 14. Nb1 O-O 15.
Nd2 Nc5 16. Bc2 Rd8 17. N4f3 e5 18. b3 Ne6 19. Nc4 Bc5 20. Bb2 Bd4 21. Nxd4
exd4 22. Rd2 Qf4 23. Re1 Rac8 24. a3 Qg5 25. Red1 bxa3 26. Bxa3 Nf4 27. Qf3 d3
28. Bxd3 Rxd3 29. Rxd3 Nxd3 30. Qxd3 Nxe4 31. f3 Nc5 32. h4 Nxd3 33. hxg5 Nf4
34. Na5 Ba8 35. Rd6 Ne6 36. Rxa6 Nxg5 37. b4 h5 38. b5 h4 39. Nc6 h3 40. Ne7+
1-0

[Event "7. Copenhagen Open Politiken Cup"]
[Site "Copenhagen"]
[Date "1985.??.??"]
[Round "8"]
[White "Heyken, Enno"]
[Black "Brynell, Stellan"]
[Result "1/2-1/2"]
[WhiteElo "2350"]
[BlackElo "2250"]
[PlyCount "35"]
[EventDate "1985.??.??"]
[EventType "swiss"]
[EventRounds "10"]
[EventCountry "DEN"]
[SourceDate "2004.01.01"]

1. e4 e5 2. Nf3 Nc6 3. Bc4 Nf6 4. d3 Bc5 5. Nc3 d6 6. Bg5 h6 7. Bxf6 Qxf6 8.
Nd5 Qd8 9. c3 a6 10. d4 Ba7 11. dxe5 Nxe5 12. Nxe5 dxe5 13. Qh5 O-O 14. Qxe5
Re8 15. Qf4 Qd6 16. Qf3 Be6 17. Rd1 Qe5 18. O-O 1/2-1/2

[Event "7. Copenhagen Open Politiken Cup"]
[Site "Copenhagen"]
[Date "1985.??.??"]
[Round "8"]
[White "Iskov, Gert"]
[Black "Hector, Jonny"]
[Result "1-0"]
[WhiteElo "2325"]
[BlackElo "2295"]
[PlyCount "71"]
[EventDate "1985.??.??"]
[EventType "swiss"]
[EventRounds "10"]
[EventCountry "DEN"]
[SourceDate "2004.01.01"]

1. e4 e5 2. Bc4 Nf6 3. d3 d5 4. exd5 c6 5. dxc6 Nxc6 6. Nf3 Bg4 7. O-O Bd6 8.
Bg5 h6 9. Bxf6 gxf6 10. h3 Bh5 11. Nbd2 f5 12. Qe1 Qf6 13. Bb5 O-O 14. Bxc6
bxc6 15. Qe3 Rae8 16. Rae1 Bb8 17. d4 e4 18. Ne5 Bxe5 19. dxe5 Rxe5 20. f3 Qg6
21. Qf4 Rfe8 22. fxe4 fxe4 23. Re3 Qe6 24. b3 Kh7 25. Qf6 Qd7 26. Rf2 R8e6 27.
Qh4 Bg6 28. Nf1 Rd6 29. Ng3 Rd1+ 30. Kh2 Rc1 31. Nxe4 Qd1 32. Nf6+ Kg7 33. Rxe5
Qg1+ 34. Kg3 Rd1 35. Ne8+ Kh7 36. Qf6 1-0

[Event "7. Copenhagen Open Politiken Cup"]
[Site "Copenhagen"]
[Date "1985.??.??"]
[Round "8"]
[White "Jacoby, Gisbert"]
[Black "Sorensen, Henrik"]
[Result "1/2-1/2"]
[WhiteElo "2305"]
[BlackElo "2235"]
[PlyCount "53"]
[EventDate "1985.??.??"]
[EventType "swiss"]
[EventRounds "10"]
[EventCountry "DEN"]
[SourceDate "2004.01.01"]

1. e4 c6 2. d4 d5 3. Nd2 dxe4 4. Nxe4 Nf6 5. Nxf6+ gxf6 6. c3 Bf5 7. Nf3 Qc7 8.
g3 e6 9. Bg2 Nd7 10. O-O O-O-O 11. Re1 Bd6 12. b4 h5 13. Nh4 Bg4 14. Qa4 Kb8
15. c4 e5 16. c5 Bf8 17. b5 exd4 18. Bf4 Ne5 19. bxc6 Bxc5 20. Rac1 Bd6 21.
cxb7 Qb6 22. Rb1 Qc5 23. Rec1 Qa3 24. Qb5 Rd7 25. Rc8+ Rxc8 26. bxc8=Q+ Kxc8
27. Bd2 1/2-1/2

[Event "7. Copenhagen Open Politiken Cup"]
[Site "Copenhagen"]
[Date "1985.??.??"]
[Round "8"]
[White "Kamaras, Peter"]
[Black "Huenerkopf, Heinz"]
[Result "1-0"]
[WhiteElo "2330"]
[BlackElo "2305"]
[PlyCount "55"]
[EventDate "1985.??.??"]
[EventType "swiss"]
[EventRounds "10"]
[EventCountry "DEN"]
[SourceDate "2004.01.01"]

1. e4 c5 2. Nf3 d6 3. d3 Nc6 4. Be2 g6 5. O-O Bg7 6. c3 Nf6 7. Bg5 Qb6 8. Na3
Bg4 9. Nc4 Qc7 10. Ne3 Bxf3 11. Bxf3 Nd7 12. Nd5 Qb8 13. Be2 e6 14. Ne3 O-O 15.
f4 f5 16. Qb3 Re8 17. g4 Kh8 18. Rf3 Nf8 19. Bf1 Qc8 20. gxf5 gxf5 21. exf5
exf5 22. Bh3 Ne6 23. Bxf5 Ncd4 24. cxd4 Nxd4 25. Bxc8 Nxb3 26. axb3 Raxc8 27.
Nf5 Bxb2 28. Rb1 1-0

[Event "7. Copenhagen Open Politiken Cup"]
[Site "Copenhagen"]
[Date "1985.??.??"]
[Round "8"]
[White "Mokry, Karel"]
[Black "Welin, Thomas"]
[Result "1-0"]
[WhiteElo "2490"]
[BlackElo "2395"]
[PlyCount "79"]
[EventDate "1985.??.??"]
[EventType "swiss"]
[EventRounds "10"]
[EventCountry "DEN"]
[SourceDate "2004.01.01"]

1. e4 c5 2. Nf3 Nc6 3. d4 cxd4 4. Nxd4 Nf6 5. Nc3 e6 6. Ndb5 d6 7. Bf4 e5 8.
Bg5 a6 9. Na3 b5 10. Nd5 Be7 11. Bxf6 Bxf6 12. c3 Ne7 13. Nxf6+ gxf6 14. Qf3 f5
15. exf5 Bxf5 16. Bd3 Be6 17. O-O d5 18. Rad1 Ng6 19. Qg3 Qf6 20. Bxg6 hxg6 21.
f4 e4 22. Nc2 Rh5 23. Ne3 Rd8 24. Rd4 Kf8 25. Qf2 Kg7 26. g3 Rdh8 27. h4 Rc8
28. Qe2 Rc5 29. Rf2 Rh8 30. Qd1 Rb8 31. Rfd2 Rb6 32. h5 Rb8 33. Nxd5 Qf5 34.
h6+ Kxh6 35. Ne3 Qf6 36. Rxe4 Kg7 37. Rd6 Rh8 38. Rdxe6 fxe6 39. Qd7+ Kg8 40.
Rxe6 1-0

[Event "7. Copenhagen Open Politiken Cup"]
[Site "Copenhagen"]
[Date "1985.??.??"]
[Round "8"]
[White "Peric, Slavisa"]
[Black "Setterqvist, Kurt"]
[Result "0-1"]
[WhiteElo "2245"]
[BlackElo "2280"]
[PlyCount "106"]
[EventDate "1985.??.??"]
[EventType "swiss"]
[EventRounds "10"]
[EventCountry "DEN"]
[SourceDate "2004.01.01"]

1. d4 g6 2. c4 Bg7 3. Nc3 d6 4. e4 e5 5. dxe5 dxe5 6. Qxd8+ Kxd8 7. Nf3 c6 8.
h3 h6 9. Be3 Be6 10. O-O-O+ Nd7 11. Bc5 Ne7 12. Bd6 Ke8 13. Nd2 Nc8 14. Ba3 Bf8
15. Bxf8 Rxf8 16. b4 b6 17. Be2 Ke7 18. Bg4 Nd6 19. Bxe6 fxe6 20. f3 a5 21. a3
Ra7 22. Kb2 Rfa8 23. Kb3 axb4 24. axb4 c5 25. b5 Nf6 26. g4 Nb7 27. Kc2 Ne8 28.
Ncb1 Ned6 29. Rc1 Kf6 30. h4 Ra4 31. Kb3 Rb4+ 32. Kc3 Na5 33. Na3 Nb3 34. Nc2
Nxc1 35. Rxc1 Rba4 36. Rd1 Ke7 37. Rg1 Rf8 38. Rd1 Rf4 39. Rh1 h5 40. g5 Kd7
41. Kb3 Ra8 42. Rh2 Kc7 43. Ne1 Rff8 44. Nd3 Nf7 45. Nb1 Rfd8 46. Rd2 Rd4 47.
Kc3 Ra4 48. Nb2 Ra1 49. Rxd4 exd4+ 50. Kc2 Ne5 51. f4 Nf3 52. Nd3 Nxh4 53. Ne5
Ra2+ 0-1

[Event "7. Copenhagen Open Politiken Cup"]
[Site "Copenhagen"]
[Date "1985.??.??"]
[Round "8"]
[White "Plachetka, Jan"]
[Black "Hartman, Christer"]
[Result "0-1"]
[WhiteElo "2440"]
[BlackElo "2295"]
[PlyCount "80"]
[EventDate "1985.??.??"]
[EventType "swiss"]
[EventRounds "10"]
[EventCountry "DEN"]
[SourceDate "2004.01.01"]

1. d4 d5 2. c4 dxc4 3. e3 Nf6 4. Bxc4 e6 5. Nf3 c5 6. O-O a6 7. a4 Nc6 8. Qe2
cxd4 9. Rd1 Be7 10. exd4 O-O 11. Nc3 Nd5 12. Qe4 Ncb4 13. Ne5 Ra7 14. Qg4 Kh8
15. Qh3 Qe8 16. Be2 b6 17. Ne4 g6 18. Bh6 Rg8 19. Rac1 Bd7 20. Qf3 f5 21. a5
bxa5 22. Nc5 Bc8 23. Nb3 Bf6 24. Nxa5 g5 25. g3 Bxe5 26. dxe5 Bd7 27. Qh5 Qd8
28. Nc4 Be8 29. Qh3 Ba4 30. Rd2 Rd7 31. Nd6 Bc6 32. Bxa6 Qa8 33. Bc4 Nf4 34.
Qf1 Bg2 35. gxf4 Bxf1 36. Kxf1 Qh1+ 37. Ke2 Qxc1 38. Bxe6 Rxd6 39. Rxd6 Qc2+
40. Rd2 Qe4+ 0-1

[Event "7. Copenhagen Open Politiken Cup"]
[Site "Copenhagen"]
[Date "1985.??.??"]
[Round "8"]
[White "Stelting, Thorsten"]
[Black "Bator, Zbigniew"]
[Result "0-1"]
[WhiteElo "2245"]
[BlackElo "2315"]
[PlyCount "56"]
[EventDate "1985.??.??"]
[EventType "swiss"]
[EventRounds "10"]
[EventCountry "DEN"]
[SourceDate "2004.01.01"]

1. e4 c5 2. Nf3 d6 3. d4 cxd4 4. Nxd4 Nf6 5. Nc3 Nc6 6. Be2 g6 7. Be3 Bg7 8.
Nb3 O-O 9. g4 Be6 10. g5 Nd7 11. h4 Nb6 12. h5 Nc4 13. Bxc4 Bxc4 14. f4 d5 15.
exd5 Nb4 16. Rh2 Bxc3+ 17. bxc3 Nxd5 18. Bd4 Nxf4 19. Qg4 Qc7 20. O-O-O Bxb3
21. Rdh1 gxh5 22. Rxh5 Nxh5 23. Rxh5 e5 24. Qg3 Be6 25. Bxe5 Qa5 26. Bd4 Rad8
27. Qd3 Qf5 28. g6 Qxh5 0-1

[Event "7. Copenhagen Open Politiken Cup"]
[Site "Copenhagen"]
[Date "1985.??.??"]
[Round "8"]
[White "Van Mil, Johan"]
[Black "Hodgson, Julian M"]
[Result "1/2-1/2"]
[WhiteElo "2345"]
[BlackElo "2455"]
[PlyCount "82"]
[EventDate "1985.??.??"]
[EventType "swiss"]
[EventRounds "10"]
[EventCountry "DEN"]
[SourceDate "2004.01.01"]

1. e4 c5 2. Nf3 g6 3. d4 cxd4 4. Qxd4 Nf6 5. Bb5 Nc6 6. Bxc6 bxc6 7. e5 Nd5 8.
e6 f6 9. exd7+ Bxd7 10. O-O Bg7 11. c4 Nb6 12. Nc3 e5 13. Qh4 O-O 14. b3 g5 15.
Qe4 f5 16. Qc2 e4 17. Bxg5 Qe8 18. Nd2 Qe5 19. Rac1 Rae8 20. f4 Qd4+ 21. Kh1 h6
22. Bh4 e3 23. Ndb1 Qd6 24. Ne2 c5 25. Rf3 Kh7 26. Rd1 Qg6 27. Nbc3 Rg8 28. Be1
Bc6 29. Rg3 Qe6 30. Qd3 Qf7 31. Nd5 Rd8 32. Qxe3 Nxd5 33. cxd5 Bxd5 34. Rc1
Rde8 35. Qd2 Qb7 36. Nc3 Bxc3 37. Rcxc3 Bxg2+ 38. Kg1 Bh3 39. Rxg8 Rxg8+ 40.
Rg3 Bg4 41. Qc3 Qd5 1/2-1/2

[Event "7. Copenhagen Open Politiken Cup"]
[Site "Copenhagen"]
[Date "1985.??.??"]
[Round "8"]
[White "Vogel, Jaap"]
[Black "From, Sigfred"]
[Result "1/2-1/2"]
[WhiteElo "2280"]
[BlackElo "2245"]
[PlyCount "97"]
[EventDate "1985.??.??"]
[EventType "swiss"]
[EventRounds "10"]
[EventCountry "DEN"]
[SourceDate "2004.01.01"]

1. Nf3 Nf6 2. g3 d5 3. Bg2 c6 4. O-O Bg4 5. b3 Nbd7 6. Bb2 e6 7. c4 Be7 8. d4
O-O 9. Nbd2 a5 10. a3 b5 11. Ne5 Nxe5 12. dxe5 Nd7 13. h3 Bh5 14. g4 Bg6 15.
cxd5 cxd5 16. e4 dxe4 17. Nxe4 Bxe4 18. Bxe4 Rc8 19. Qe2 Nc5 20. Rad1 Qc7 21.
Bb1 g6 22. Qf3 Rfd8 23. Kg2 a4 24. b4 Nb3 25. Qe2 Qb6 26. Bd3 Rb8 27. f4 Rd7
28. Bc2 Nd4 29. Qe3 Nxc2 30. Qxb6 Rxb6 31. Rxd7 Ne3+ 32. Kf2 Nxf1 33. Rxe7 Nd2
34. Re8+ Kg7 35. f5 gxf5 36. gxf5 Nc4 37. Bd4 Rb7 38. fxe6 fxe6 39. Rxe6 Rd7
40. Bc5 Nxa3 41. Rb6 Nc4 42. Rxb5 a3 43. Rb8 Rd2+ 44. Kg3 a2 45. Ra8 Nxe5 46.
b5 Kg6 47. b6 Nc6 48. Be3 Rb2 49. b7 1/2-1/2